| 000 | 00378nam a22001337a 4500 | ||
|---|---|---|---|
| 082 |
_a620 _bPRO _cD |
||
| 100 |
_aAdams, H.B _940686 |
||
| 245 |
_aProceedings of the engineering congress 1944 _cAdams, H.B |
||
| 260 |
_aLondon _bH.B. Adams, M. Ins |
||
| 300 |
_averable pages _bill, ; _c20 cm. |
||
| 526 |
_a0 _b0 _c0 _d620_000000000000000_PRO |
||
| 650 |
_aD _96527 |
||
| 942 |
_2ddc _cBK |
||
| 999 |
_c544937 _d544937 |
||